000 00385nam a22001577a 4500
005 20251108170618.0
008 250721s1958 xx 000 0 eng d
082 1 4 _a372.35/col
100 1 _acoles, l.a
245 1 0 _aplain science :
_ba course in four books /
264 1 _alondon :
_bcollins,
_c1958.
300 _a4vol
650 1 7 _ateaching
942 _2ddc
_cBK
999 _c44759
_d44759